000
00328 a2200157 4500
001
64245
020
_a
9788572323437
040
_c
Anchieta - Pituba
100
_a
Camões, Luís de
240
1
0
_a
Os Lusíadas
_l
por
245
1
0
_a
Os Lusíadas
300
_a
288
362
0
_a
2005
650
4
_a
Poesia portuguesa
942
_c
BK
999
_c
64245
_d
64245